Top 10 des plus belles villes de France - Statistiques

Statistiques générales
  • Ce quiz a été pris 372 fois
  • Le résultat moyen est 4 sur 10
Statistiques - réponses
Hint Réponse % Correct
1 Paris
100%
8 Lyon
81%
6 Nice
72%
3 Strasbourg
62%
2 Annecy
38%
7 Biarritz
31%
4 Colmar
20%
5 Aix en provence
16%
10 Saint malo
16%
9 Sarlat-la-Canéda
1%
Aucun quiz correspondant
Distribution des résultats
% des personnes avec chaque résultat
Percentile par nombre de réponses
Votre historique - résultats
Vous n’avez pas pris ce quiz